000 00567nam a2200193 i 4500
001 96820
003 ES-MaACL
007 t|
008 050701s1953 sp ||||1| spa d
100 1 _aD'Ambra, Lucio.
_942341
245 1 4 _aLos dos modos de tener veinte años /
_cLucio D'Ambra [versión española de Alfonso Banda Moras].
250 _a[1ª ed.].
260 _aBarcelona :
_bLuis de Caralt,
_c1953.
490 1 _aGigante
700 1 _aBanda Moras, Alfonso.
_925172
830 0 _aGigante
_9181050
852 _aES-MaACL
_jC-5918
_bR.34439
999 _c96820
_d96820